Otto e a Cidade Mágica (Registo nº 198265)
[ vista simples ]
| 000 -Etiqueta do registo | |
|---|---|
| Valores | 00694nam 22002293 4500 |
| 010 ## - Número ISBN | |
| ISBN | 972-23-3151-5 |
| 021 ## - Número do Depósito Legal | |
| Código do país | Portugal |
| Número | 204 716/03 |
| 100 ## - Dados gerais de processamento | |
| Dados gerais | 20251006d u||y0pory50 ba |
| 101 ## - Língua de publicação | |
| Língua | Português |
| 200 ## - Titulo e menção de responsabilidade | |
| Título próprio | Otto e a Cidade Mágica |
| Primeira menção de responsabilidade | Charlotte Haptie |
| Outras menções de responsabilidade | Tradução de Jaime Araújo |
| 205 ## - Menção da edição | |
| Edição | 1ª |
| 210 ## - Publicação | |
| Local de publicação | Barcarena |
| Nome do editor | Editorial Presença |
| Data de publicação | 2004 |
| 215 ## - Descrição física | |
| Paginação / Volumes | 207, [1] p. : il. |
| Outras indicações físicas | Brochado |
| Dimensões | 21 cm |
| 225 ## - Colecção | |
| Título próprio da colecção | Estrela do Mar |
| Indicação de volume | 62 |
| 606 ## - Nome comum usado como assunto | |
| ID Autoridade | 5325 |
| Palavra de ordem | Literatura Juvenil Holandesa |
| 675 ## - CDU | |
| Notação | 821.112.5-93/HAP/OTT |
| Edição | PT |
| Língua | por |
| 700 ## - Autor principal (pessoa individual) | |
| ID Autoridade | 14224 |
| Apelido | Haptie |
| Nome | Charlotte |
| 801 ## - Fonte de origem | |
| País | PT |
| Agência | BMMN |
| Regras de catalogação | RPC |
| 830 ## - Notas gerais do catalogador | |
| Criado por | Carlos Pinto |
| Data de criação | 06-10-2025 |
| Indexado por | Carlos Pinto |
| 990 ## - Elementos KOHA | |
| Tipo de documento | Livro |
| Situação do levantamento | Biblioteca de origem | Código de barras | Cota | Permissão de empréstimo | Tipo de documento | Forma de aquisição |
|---|---|---|---|---|---|---|
| Escola Secundária de Montemor-o-Novo | 26503 | 821.112.5-93/HAP/OTT | Livro | Compra |